| 000 | 00438nam a22001457a 4500 | ||
|---|---|---|---|
| 999 |
_c2729 _d2729 |
||
| 008 | 200316b ||||| |||| 00| 0 eng d | ||
| 020 | _a9788173715570 | ||
| 100 |
_92185 _aVishwanathan, B. |
||
| 245 | 1 | 0 |
_aFuel cells principles and applications _cby B. Vishwanathan and M. Aulice Scibioh. |
| 260 |
_aHyderabad: _bUniversities Press, _c2008. |
||
| 300 | _ax,494p. | ||
| 650 | 0 | _aFuel Cell | |
| 700 |
_92348 _aScibioh, M. Aulice |
||
| 942 | _cBK | ||